Cities in evolution; (Record no. 352944)
[ view plain ]
| 000 -LEADER | |
|---|---|
| fixed length control field | 00796 a2200229 4500 |
| 003 - CONTROL NUMBER IDENTIFIER | |
| control field | OSt |
| 005 - DATE AND TIME OF LATEST TRANSACTION | |
| control field | 20180116192351.0 |
| 008 - FIXED-LENGTH DATA ELEMENTS--GENERAL INFORMATION | |
| fixed length control field | 120601t xxu||||| |||| 00| 0 eng d |
| 010 ## - LIBRARY OF CONGRESS CONTROL NUMBER | |
| LC control number | 16003628 |
| 020 ## - INTERNATIONAL STANDARD BOOK NUMBER | |
| International Standard Book Number | 9781151975768 |
| 035 ## - SYSTEM CONTROL NUMBER | |
| System control number | (OCoLC)1014302 |
| 040 ## - CATALOGING SOURCE | |
| Transcribing agency | 0 |
| 082 ## - DEWEY DECIMAL CLASSIFICATION NUMBER | |
| Classification number | 711.409 |
| 100 1# - MAIN ENTRY--PERSONAL NAME | |
| Personal name | Geddes, Patrick, |
| 9 (RLIN) | 3495 |
| 245 10 - TITLE STATEMENT | |
| Title | Cities in evolution; |
| Remainder of title | an introduction to the town planning movement and to the study of civics, |
| Statement of responsibility, etc. | by Patrick Geddes ... with 59 illustrations. |
| 260 ## - PUBLICATION, DISTRIBUTION, ETC. | |
| Place of publication, distribution, etc. | London: |
| Name of publisher, distributor, etc. | Williams & Norgate, |
| Date of publication, distribution, etc. | 1915. |
| 300 ## - PHYSICAL DESCRIPTION | |
| Extent | xv, 409 p. : |
| Other physical details | front., illus. (incl. plans). |
| Dimensions | 23 cm. |
| 650 10 - SUBJECT ADDED ENTRY--TOPICAL TERM | |
| Topical term or geographic name entry element | City planning. |
| 9 (RLIN) | 3496 |
| 650 10 - SUBJECT ADDED ENTRY--TOPICAL TERM | |
| Topical term or geographic name entry element | Cities and towns. |
| 9 (RLIN) | 3497 |
| 942 ## - ADDED ENTRY ELEMENTS (KOHA) | |
| Institution code [OBSOLETE] | SADA |
| Koha item type | Book |
| Call number prefix | 711.409 GED 1915 |
| Source of classification or shelving scheme | |
| Withdrawn status | Lost status | Source of classification or shelving scheme | Damaged status | Not for loan | Permanent Location | Current Location | Date acquired | Total Checkouts | Full call number | Barcode | Date last seen | Cost, replacement price | Price effective from | Koha item type |
|---|---|---|---|---|---|---|---|---|---|---|---|---|---|---|
| School of Art Design and Architecture (SADA) | School of Art Design and Architecture (SADA) | 04/20/2011 | 711.409 GED 1915 | SADA0001016 | 08/05/2011 | 2292.00 | 08/05/2011 | Book |
